Účtovná uzávierka a účtovná závierka v konkrétnej poisťovni diplomová práca

Salvato in:
Dettagli Bibliografici
Autore principale: Šípková, Milada
Ente Autore: Fakulta hospodárskej informatiky EU. Katedra účtovníctva a audítorstva
Altri autori: Meluchová, Jitka, 1965-
Natura: Libro
Lingua:slovacco
Pubblicazione: Bratislava 2010
Tags: Aggiungi Tag
Nessun Tag, puoi essere il primo ad aggiungerne!!

MARC

LEADER 00000nam$a2200000$$$4500
001 0120175
005 20240318123637.4
041 0 |a slo 
044 |a SK 
245 1 0 |a Účtovná uzávierka a účtovná závierka v konkrétnej poisťovni  |b diplomová práca  |c Milada Šípková ; škol. Jitka Meluchová 
264 1 |a Bratislava  |c 2010 
300 |a 61 s. 
100 1 |a Šípková, Milada 
700 1 |a Meluchová, Jitka, 1965- 
710 2 |a Fakulta hospodárskej informatiky EU. Katedra účtovníctva a audítorstva